000 00503nam a2200181Ia 4500
005 20250423100103.0
008 250422s9999 xx 000 0 und d
020 _a 0442025521
050 _aHD 69 .P75 L687/
100 _a Lowery, Gwen
245 0 _aManaging projects with Microsoft Project 98 : for Windows
260 _aNew York
260 _bVan Nostrand Reinhold
260 _c1998
300 _a384 p
650 _a Microsoft Project. Project management --Computer programs.
942 _cBK
999 _c32248
_d32248